World's geographic records in 2 Minutes - Statistics

General Stats
  • This quiz has been taken 18 times
  • The average score is 14 of 17
Answer Stats
Question Answer % Correct
World's largest continent Asia
100%
World's most populous country China
100%
World's highest mountain Everest
100%
World's largest ocean Pacific Ocean
100%
World's largest desert Sahara
100%
World's largest river by volume Amazon River
93%
World's largest island Greenland
93%
World's longest river Nile
93%
World's largest country by area Russia
93%
World's largest lake by surface area (referred as the sea) Caspian Sea
86%
World's longest mountain chain Andes
71%
World's highest waterfall Angel Falls
71%
World's deepest lake Baikal
71%
World's largest city by area Tokyo
71%
World's deepest part (beneath the ocean) Mariana Trench
57%
World's largest waterfall Victoria
57%
World's largest peninsula Arabian Peninsula
21%
No matching quizzes found
Score Distribution
Percent of People with Each Score
Percentile by Number Answered
Your Score History
You have not taken this quiz